Sử thi Êđê Kđăm Đroăl Y' Khing Ju - H'Bria Ju Yao

保存先:
書誌詳細
フォーマット: 図書
言語:Vietnamese
出版事項: H. Văn hóa dân tộc 2011
シリーズ:ĐTTS ghi: Hội văn nghệ dân gian Việt Nam
タグ: タグ追加
タグなし, このレコードへの初めてのタグを付けませんか!
Thư viện lưu trữ: Mạng thư viện Đại học Đà Nẵng
LEADER 00930nam a2200265 4500
001 000016128
003 12519
005 20120719140724.0
008 120719s2011 viesd
041 0 |a vie 
082 |a 398.209597  |b Sưt 
245 0 |a Sử thi Êđê  |b Kđăm Đroăl Y' Khing Ju - H'Bria Ju Yao  |c Nhiều tác giả 
260 |a H.  |b Văn hóa dân tộc  |c 2011 
300 |a 527 tr.  |c 21 cm. 
490 |a ĐTTS ghi: Hội văn nghệ dân gian Việt Nam 
OWN |a LSP 
AVA |a UDN50  |b LSP  |d 398.209597 Sưt  |e available  |t Error 5001 Not defined in file expand_doc_bib_avail.  |f 1  |g 0  |h N  |i 0  |k 1 
999 |a From the UDN01 
AVA |a UDN50  |b LSP  |d 398.209597 Sưt  |e available  |t Error 5001 Not defined in file expand_doc_bib_avail.  |f 1  |g 0  |h N  |i 0  |k 1 
TYP |a Monograph 
TYP |a Printed language 
980 |a Mạng thư viện Đại học Đà Nẵng